Größte Städte Kanada - Statistiken

Allgemein
  • Dieses Quiz wurde 180 mal gespielt
  • Das Durchschnittsergebnis liegt bei 10 aus 20
Antwortstatistiken
Hint Antwort % Korrekt
5.429.524 Toronto
96%
2.264.823 Vancouver
96%
3.519.595 Montreal
95%
989.567 Ottawa
94%
1.237.656 Calgary
87%
1.062.643 Edmonton
75%
705.103 Québec
73%
711.925 Winnipeg
68%
316.701 Halifax
54%
383.437 London
38%
214.631 Regina
37%
693.645 Hamilton
32%
245.181 Saskatoon
29%
335.696 Victoria
27%
178.427 Saint John’s
20%
470.015 Kitchener
17%
287.069 Windsor
16%
229.246 Saint Catharines
11%
151.957 Kelowna
10%
308.875 Oshawa
5%
Keine übereinstimmenden Quizze gefunden
Verteilung der Resultate
Anzahl Personen mit jedem Resultat
Perzentil nach korrekt beantworteten Fragen
Ihre Resultats-Entwicklung
Sie haben dieses Quiz noch nicht gespielt